Bí quyết làm giàu từ chăn nuôi
Tallennettuna:
| Päätekijä: | |
|---|---|
| Aineistotyyppi: | Kirja |
| Kieli: | Undetermined |
| Julkaistu: |
Hà Nội
Nông nghiệp
2007
|
| Aiheet: | |
| Tagit: |
Lisää tagi
Ei tageja, Lisää ensimmäinen tagi!
|
| Thư viện lưu trữ: | Trung tâm Học liệu Trường Đại học Cần Thơ |
|---|
| LEADER | 00562nam a2200205Ia 4500 | ||
|---|---|---|---|
| 001 | CTU_129488 | ||
| 008 | 210402s9999 xx 000 0 und d | ||
| 020 | |c 13000 | ||
| 082 | |a 338.1 | ||
| 082 | |b Th305 | ||
| 100 | |a Nguyễn, Thiện | ||
| 245 | 0 | |a Bí quyết làm giàu từ chăn nuôi | |
| 245 | 0 | |c Nguyễn Thiện | |
| 260 | |a Hà Nội | ||
| 260 | |b Nông nghiệp | ||
| 260 | |c 2007 | ||
| 650 | |a Agriculture | ||
| 650 | |x Economic aspects | ||
| 904 | |i Tuyến | ||
| 980 | |a Trung tâm Học liệu Trường Đại học Cần Thơ | ||